Tic tac 1 /
Guardado en:
| Autor Principal: | |
|---|---|
| Otros Autores: | , |
| Formato: | Libro |
| Publicado: |
Buenos Aires :
Kapelusz
|
| Materias: | |
| Etiquetas: |
Agregar Etiqueta
Sin Etiquetas, Sea el primero en etiquetar este registro!
|
| LEADER | 00798nam a22002535a 4500 | ||
|---|---|---|---|
| 001 | CEM.cems012544 | ||
| 005 | 20070823192451.0 | ||
| 008 | 130507b######################000#0#####d | ||
| 003 | CEMS | ||
| 020 | |a 9501300501 | ||
| 082 | 0 | 4 | |a SG372.41 |
| 100 | 1 | |a D'elía, Blanca | |
| 245 | 1 | 0 | |a Tic tac 1 / |c Blanca D'elía ; julia N. Bordoni de Medina, Norma Mabel Tringaniello. |
| 260 | |a Buenos Aires : |b Kapelusz | ||
| 300 | |a 106 p. | ||
| 500 | |a Libro de lectura para 1º grado. | ||
| 653 | |a Biblioteca maría de los Ángeles saggio | ||
| 653 | |a Educación | ||
| 653 | |a Educación primria | ||
| 653 | |a Lengua | ||
| 653 | |a Lengua-1º egb. | ||
| 700 | 1 | |a Bordoni de Medina, Julia N. | |
| 700 | 1 | |a Tringaniello, Norma Mabel | |
| 859 | |a CEMS |b BIB. CEMS - 11 de abril |h SG372.41 |i D379 |p 23807.07 |t Ej.1 |v 1º |3 1º | ||
